000 01387nam a2200217Ia 4500
001 10132
003 GE_BSU
008 181216s||||||||xx |||||||||||||| ||und||
040 _cGE_BSU
080 _a908(479.22)
245 _aქართველოლოგიის აქტუალური პრობლემები=Actual Problems of Kartvelology. APK. II
245 _cსარედ.კოლ. მიტროპოლიტი ანანია(ჯაფარიძე),სვეტა ადამია და სხვა
260 _aთბილისი
260 _bშპს"მეგობრობა
260 _c2013
300 _a179გვ.23სმ.
520 _aდაბეჭდილია საქ–ს საპატრიარქოსთან არსებული ახალგაზრდობის სულიერი და ინტელექტ. განვით. ცენტრის და საქ. საპატრიარქოს წმინდა ანდრია პირველწოდ.სახ.ქართ.უნ–ტის ქართველოლოგიის ცენტრის მიერ.
653 _aქართველოლოგია
653 _aქართველოლოგიის აქტუალური პრობლემები
942 _cBK
999 _c43404
_d43404